Introduction à la géopolitique / (Record no. 110333)

MARC details
000 -LEADER
campo de control de longitud fija 00787nam a2200181 4500
001 - NÚMERO DE CONTROL
campo de control 415
005 - FECHA Y HORA DE LA ÚLTIMA TRANSACCIÓN
campo de control 20230411085956.0
008 - DATOS DE LONGITUD FIJA--INFORMACIÓN GENERAL
campo de control de longitud fija 060907n1994 dr spa
035 ## - NÚMERO DE CONTROL DEL SISTEMA
-- funglode417
041 ## - CÓDIGO DE IDIOMA
Código de lengua del texto/banda sonora o título independiente FR
100 ## - ENTRADA PRINCIPAL--NOMBRE DE PERSONA
Nombre de persona Moreau Defarges, Philippe
245 1# - MENCIÓN DEL TÍTULO
Título Introduction à la géopolitique /
Mención de responsabilidad, etc. Philippe Moreau Defarges
260 ## - PUBLICACIÓN, DISTRIBUCIÓN, ETC.
Lugar de publicación, distribución, etc. París :
Nombre del editor, distribuidor, etc. Editions du Seuil,
Fecha de publicación, distribución, etc. 1994
300 ## - DESCRIPCIÓN FÍSICA
Extensión 230 p.;
Dimensiones tablas / 18 cm.
440 ## - MENCIÓN DE SERIE/PUNTO DE ACCESO ADICIONAL--TÍTULO
Título Points essais ;
Designación de volumen o secuencia 292
520 ## - RESUMEN, ETC.
Sumario, etc. La conscience géographique, 11. -- La géopolitique de la puissance maritime, 39. -- La géopolitique de la puissance continentale : L'Allemagne et la géopolitique, 73. -- Géographie, géopolitique et guerre, 103. -- Géopolitique, géo-économie, 155. -- La géopolitique en France, 185
942 ## - ELEMENTOS DE ENTRADA SECUNDARIOS (KOHA)
Fuente del sistema de clasificación o colocación Clasificación de Library of Congress
Tipo de ítem Koha
Holdings
Estatus retirado Estado de pérdida Fuente del sistema de clasificación o colocación Estado de daño No para préstamo Colección Biblioteca de origen Biblioteca actual Ubicación en estantería Fecha de adquisición Código de barras Visto por última vez Copia número Tipo de ítem Koha
    Clasificación de Library of Congress     Automatización y Procesos Técnicos Biblioteca Juan Bosch Biblioteca Juan Bosch Automatización y Procesos Técnicos (1er. Piso) 17/02/2019 00020010417 17/02/2019 1